girl in red songs alphabet - Statistics

General Stats
  • This quiz has been taken 23 times
    16 since last reset
  • The average score is 12 of 19
Answer Stats
Letter Answer % Correct
B bad idea! / body and mind
90%
G girls / girlfriend is better
90%
S say anything / she was the girl in red / summer depression / serotonin
90%
I i wanna be your girlfriend / i need to be alone/ i'll die anyway / i'll call you mine / it would feel like this / i'm back
80%
M midnight love / malibu
80%
Numbers/Symbols 4am / period
70%
R rue
70%
W will she come back / we fell in love in october / watch you sleep
70%
D dramatic lil b---h / dead girl in the pool / DOING IT AGAIN BABY / did you come?
60%
H hemingway / hornylovesickmess
60%
O october passed me by
60%
Y you stupid b---h / you need me now?
60%
A apartment 402 / a night to remember
50%
K kate's not here
50%
U ugly side
50%
F ★★★★★ (five stars) / forget her
40%
N new love
40%
P phantom pain / pick me
40%
T two queens in a king sized bed / too much
40%
No matching quizzes found
Score Distribution
Percent of People with Each Score
Percentile by Number Answered
Your Score History
You have not taken this quiz since the last reset